[Event "Schleswig Holstein-ch Seniors op"]
[Site "Eckernfoerde"]
[Date "2007.09.30"]
[Round "5"]
[White "Falkowski, Wilfried"]
[Black "Biermann Ratjen, Mathias"]
[Result "0-1"]
[WhiteElo "1993"]
[BlackElo "1838"]
[PlyCount "76"]
[EventDate "2007.09.26"]
[EventType "swiss"]
[EventRounds "7"]
[EventCountry "GER"]
[SourceTitle "EXT 2008"]
[Source "ChessBase"]
[SourceDate "2007.11.25"]
[SourceVersion "1"]
[SourceVersionDate "2007.11.25"]
[SourceQuality "1"]

1. c4 e6 2. g3 d5 3. d4 c5 4. Bg2 cxd4 5. cxd5 e5 6. e4 Bd6 7. Nh3 Ne7 8. 0-0 Ng6 9. f4 Nd7 10. f5 Ne7 11. Nd2 b5 12. Nb3 a5 13. a4 b4 14. Bd2 Ba6 15. Re1 Qb6 16. Bf1 0-0 17. Bxa6 Qxa6 18. Qf3 Rac8 19. Rec1 Kh8 20. Qf1 d3 21. Be3 Nf6 22. Nf2 Rc4 23. Nd2 Rxc1 24. Rxc1 Rc8 25. Nxd3 Ng4 26. Rxc8+ Qxc8 27. Qe2 Nxe3 28. Qxe3 Qc2 29. b3 Qc3 30. Kg2 Nc8 31. Kf3 h6 32. Nf2 Bc5 33. Qxc3 bxc3 34. Nc4 Bxf2 35. Ke2 Bc5 36. Nxa5 Bb4 37. Nc6 c2 38. Nxb4 c1Q 0-1

[Event "Schleswig Holstein-ch Seniors op"]
[Site "Eckernfoerde"]
[Date "2007.09.26"]
[Round "1"]
[White "Falkowski, Wilfried"]
[Black "Geruschkat, Bruno"]
[Result "1-0"]
[WhiteElo "1993"]
[BlackElo "1523"]
[PlyCount "51"]
[EventDate "2007.09.26"]
[EventType "swiss"]
[EventRounds "7"]
[EventCountry "GER"]
[SourceTitle "EXT 2008"]
[Source "ChessBase"]
[SourceDate "2007.11.25"]
[SourceVersion "1"]
[SourceVersionDate "2007.11.25"]
[SourceQuality "1"]

1. e4 d5 2. exd5 Qxd5 3. d4 Nf6 4. Nf3 Bg4 5. Be2 e6 6. 0-0 Be7 7. c4 Qd8 8. Nc3 0-0 9. h3 Bh5 10. Qb3 Qc8 11. Bf4 c6 12. Rac1 Na6 13. Rfd1 Rd8 14. a3 Rd7 15. g4 Bg6 16. Ne5 Rd8 17. Nxg6 hxg6 18. Bf3 Rd7 19. d5 Nc5 20. Qa2 exd5 21. cxd5 Nxd5 22. Nxd5 cxd5 23. b4 Qf8 24. bxc5 Bxc5 25. Rxd5 Rad8 26. Rdxc5 1-0

[Event "GER-chT Seniors 15th"]
[Site "Bad Blankenburg"]
[Date "2006.09.04"]
[Round "2.3"]
[White "Falkowski, Wilfried"]
[Black "Ahrens, Gerhard"]
[Result "0-1"]
[WhiteElo "2004"]
[BlackElo "2140"]
[PlyCount "112"]
[EventDate "2006.09.03"]
[EventType "team-swiss"]
[EventRounds "7"]
[EventCountry "GER"]
[SourceTitle "CBM 114 Extra"]
[Source "ChessBase"]
[SourceDate "2006.11.03"]
[SourceVersion "1"]
[SourceVersionDate "2006.11.03"]
[SourceQuality "1"]

1. Nf3 d5 2. d4 Bf5 3. e3 Nf6 4. Be2 e6 5. Nbd2 Bd6 6. c4 c6 7. b3 Nbd7 8. Bb2 0-0 9. 0-0 Rc8 10. Rc1 Re8 11. Nh4 Bg6 12. Nxg6 hxg6 13. Nf3 Ne4 14. Ne5 Nf8 15. Bd3 Nf6 16. f4 Ne4 17. Rc2 f5 18. g3 Qa5 19. Ba1 Qd8 20. Rg2 Nf6 21. g4 Bxe5 22. dxe5 Nxg4 23. Qe2 Nh6 24. Bc3 Qd7 25. Rc1 Red8 26. c5 Kf7 27. Kf2 Ke8 28. Ba5 d4 29. Bxd8 Rxd8 30. h3 dxe3+ 31. Kxe3 Qd4+ 32. Kd2 Qxf4+ 33. Qe3 Qxe3+ 34. Kxe3 Nf7 35. b4 Nxe5 36. Be2 a6 37. a4 Kf7 38. b5 axb5 39. axb5 Rd5 40. bxc6 bxc6 41. Bc4 Rxc5 42. Rgc2 Ra5 43. Bf1 g5 44. Kd4 Nfd7 45. Bg2 c5+ 46. Ke3 f4+ 47. Ke2 Kf6 48. Rd2 Ra3 49. Rf1 Re3+ 50. Kd1 c4 51. h4 Ra3 52. h5 Ra1+ 53. Ke2 Rxf1 54. Bxf1 Nc5 55. Rc2 g4 56. Kf2 Ncd3+ 0-1

[Event "Brandenburg-ch Seniors 13th"]
[Site "Lindow/Mark"]
[Date "2005.09.15"]
[Round "9"]
[White "Kolkwitz, Klaus"]
[Black "Falkowski, Wilfried"]
[Result "1/2-1/2"]
[WhiteElo "1737"]
[BlackElo "1858"]
[PlyCount "65"]
[EventDate "2005.09.07"]
[EventType "swiss"]
[EventRounds "9"]
[EventCountry "GER"]
[SourceTitle "EXT 2007"]
[Source "ChessBase"]
[SourceDate "2006.11.23"]
[SourceVersion "1"]
[SourceVersionDate "2006.11.23"]
[SourceQuality "1"]

1. d4 Nf6 2. Nf3 d5 3. e3 e6 4. Bd3 c5 5. c3 cxd4 6. cxd4 Be7 7. Nc3 0-0 8. 0-0 Nbd7 9. e4 dxe4 10. Nxe4 b6 11. Bf4 Nd5 12. Qd2 Nxf4 13. Qxf4 Bb7 14. Rac1 Nf6 15. Nxf6+ Bxf6 16. Ne5 Qd5 17. f3 Rac8 18. Qe4 Qxe4 19. fxe4 Bxe5 20. dxe5 Rfd8 21. Rxc8 Rxc8 22. Rd1 g6 23. Kf2 Kf8 24. Ke3 Ke7 25. Rd2 Rc5 26. Kf4 h6 27. Rc2 Rxc2 28. Bxc2 Kd7 29. Ke3 Bc6 30. Bd3 Ba4 31. b3 Bc6 32. g3 Kc7 33. Kd4 1/2-1/2

[Event "Brandenburg-ch Seniors 13th"]
[Site "Lindow/Mark"]
[Date "2005.09.14"]
[Round "8"]
[White "Falkowski, Wilfried"]
[Black "Meiling, Hermann"]
[Result "1-0"]
[WhiteElo "1858"]
[BlackElo "1790"]
[PlyCount "121"]
[EventDate "2005.09.07"]
[EventType "swiss"]
[EventRounds "9"]
[EventCountry "GER"]
[SourceTitle "EXT 2007"]
[Source "ChessBase"]
[SourceDate "2006.11.23"]
[SourceVersion "1"]
[SourceVersionDate "2006.11.23"]
[SourceQuality "1"]

1. c4 e6 2. g3 d5 3. cxd5 exd5 4. d4 Nf6 5. Bg2 c6 6. Nf3 Be7 7. 0-0 0-0 8. Nc3 Re8 9. Qc2 Na6 10. a3 Nc7 11. Bf4 Ne6 12. Bd2 Bd6 13. Rfe1 g6 14. b4 a6 15. e3 Ng7 16. Na4 Bf5 17. Qc1 Qc7 18. Bc3 Re7 19. Bb2 Rae8 20. Nc5 Qc8 21. Nh4 Bh3 22. Qd1 Bxg2 23. Kxg2 Nf5 24. Nxf5 Qxf5 25. Qf3 Qxf3+ 26. Kxf3 Bxc5 27. dxc5 Ne4 28. Red1 f6 29. Bd4 Kf7 30. Ke2 f5 31. Rdb1 Ng5 32. Kd3 Nf3 33. Ra2 h5 34. h4 Re4 35. a4 R8e7 36. b5 axb5 37. axb5 Nxd4 38. exd4 f4 39. bxc6 bxc6 40. Ra6 fxg3 41. fxg3 Re3+ 42. Kd2 Re2+ 43. Kc1 Re1+ 44. Kb2 Rxb1+ 45. Kxb1 Re6 46. Ra7+ Kf6 47. Rd7 Kf5 48. Kc2 Re3 49. Rf7+ Ke6 50. Rc7 Rxg3 51. Rxc6+ Ke7 52. Rd6 Rg4 53. Rxd5 Rxh4 54. c6 Rf4 55. Rd7+ Ke8 56. d5 Rc4+ 57. Kd3 Rc5 58. Kd4 Rc1 59. Ke5 Re1+ 60. Kd6 Rf1 61. Re7+ 1-0

[Event "Brandenburg Seniors op 13th"]
[Site "Lindow/Mark"]
[Date "2005.09.12"]
[Round "6"]
[White "Schenk, Manfred"]
[Black "Falkowski, Wilfried"]
[Result "1-0"]
[WhiteElo "2064"]
[BlackElo "1858"]
[PlyCount "79"]
[EventDate "2005.09.07"]
[EventType "swiss"]
[EventRounds "9"]
[EventCountry "GER"]
[SourceTitle "EXT 2007"]
[Source "ChessBase"]
[SourceDate "2006.11.23"]
[SourceVersion "1"]
[SourceVersionDate "2006.11.23"]
[SourceQuality "1"]

1. Nf3 Nf6 2. g3 g6 3. Bg2 Bg7 4. 0-0 0-0 5. d4 d5 6. c4 c6 7. cxd5 cxd5 8. Nc3 Nc6 9. Ne5 Nxe5 10. dxe5 Nd7 11. f4 e6 12. e4 dxe4 13. Nxe4 Nb6 14. Nd6 Rb8 15. b3 Qc7 16. Ba3 Rd8 17. Rc1 Qd7 18. Qd4 Bf8 19. Rfd1 Ra8 20. Qc5 Qe7 21. Qa5 Qd7 22. Bf3 Nd5 23. Bxd5 exd5 24. Rc7 Qg4 25. Qd2 Be6 26. Ne4 Bg7 27. Rxb7 Bxe5 28. Nf2 Bxf4 29. Qxf4 Qe2 30. Be7 Re8 31. Bf6 Bh3 32. Re7 Rxe7 33. Bxe7 Re8 34. Qh4 Rxe7 35. Qxh3 Qxa2 36. Qc8+ Kg7 37. Qc3+ Kg8 38. Rxd5 Re8 39. Rd7 h5 40. Qf3 1-0

[Event "Brandenburg-ch Seniors 13th"]
[Site "Lindow/Mark"]
[Date "2005.09.08"]
[Round "2"]
[White "Falkowski, Wilfried"]
[Black "Troeger, Rainer"]
[Result "0-1"]
[WhiteElo "1858"]
[BlackElo "2088"]
[PlyCount "65"]
[EventDate "2005.09.07"]
[EventType "swiss"]
[EventRounds "9"]
[EventCountry "GER"]
[SourceTitle "EXT 2007"]
[Source "ChessBase"]
[SourceDate "2006.11.23"]
[SourceVersion "1"]
[SourceVersionDate "2006.11.23"]
[SourceQuality "1"]

1. d4 g6 2. e4 Bg7 3. Nf3 c6 4. Bd3 d6 5. Nbd2 Nd7 6. 0-0 a6 7. Re1 e5 8. dxe5 Nxe5 9. Nxe5 dxe5 10. Nf3 Qc7 11. b3 Ne7 12. Bb2 0-0 13. Qe2 h6 14. Rad1 b5 15. c4 g5 16. cxb5 axb5 17. Bb1 Ng6 18. Rc1 Ra7 19. Qe3 Bg4 20. Nd2 Rd8 21. f3 Be6 22. Nf1 Bf8 23. Kh1 c5 24. Qc3 f6 25. Ne3 Nf4 26. g3 b4 27. Qc2 Nd3 28. Rf1 Nxc1 29. Rxc1 Qf7 30. f4 Qh5 31. fxe5 Qf3+ 32. Ng2 Rad7 33. Rg1 0-1

[Event "Hessen-ch Seniors op 01st"]
[Site "Bad Sooden-Allendorf"]
[Date "2005.04.28"]
[Round "7"]
[White "Falkowski, Wilfried"]
[Black "Oldach, Ehrenfried"]
[Result "1/2-1/2"]
[WhiteElo "1844"]
[BlackElo "1926"]
[PlyCount "63"]
[EventDate "2005.04.22"]
[EventType "swiss"]
[EventRounds "9"]
[EventCountry "GER"]
[SourceTitle "EXT 2007"]
[Source "ChessBase"]
[SourceDate "2006.11.23"]
[SourceVersion "1"]
[SourceVersionDate "2006.11.23"]
[SourceQuality "1"]

1. e4 e5 2. Nf3 Nc6 3. Bb5 a6 4. Ba4 Nf6 5. 0-0 Be7 6. Re1 b5 7. Bb3 d6 8. h3 Na5 9. c3 Nxb3 10. axb3 c5 11. d3 0-0 12. Nbd2 Ne8 13. Nf1 f5 14. exf5 Bxf5 15. Ne3 Be6 16. c4 Nc7 17. Bd2 b4 18. Qe2 Qe8 19. Nf1 Qg6 20. Ng3 Rf7 21. Qe4 Qxe4 22. Nxe4 Raf8 23. Be3 Bc8 24. Neg5 Bxg5 25. Nxg5 Rf5 26. Ne4 Rd8 27. g4 Rff8 28. Kg2 Ne6 29. Kg3 Bb7 30. f3 Nf4 31. Red1 Ne6 32. Rf1 1/2-1/2

[Event "Hessen-ch Seniors op 01st"]
[Site "Bad Sooden-Allendorf"]
[Date "2005.04.27"]
[Round "6"]
[White "Janssen, Lieselotte"]
[Black "Falkowski, Wilfried"]
[Result "0-1"]
[WhiteElo "1798"]
[BlackElo "1844"]
[PlyCount "78"]
[EventDate "2005.04.22"]
[EventType "swiss"]
[EventRounds "9"]
[EventCountry "GER"]
[SourceTitle "EXT 2007"]
[Source "ChessBase"]
[SourceDate "2006.11.23"]
[SourceVersion "1"]
[SourceVersionDate "2006.11.23"]
[SourceQuality "1"]

1. d4 Nf6 2. c4 e6 3. Nc3 d5 4. Bg5 Be7 5. Qc2 0-0 6. e3 h6 7. Bh4 b6 8. cxd5 Nxd5 9. Bxe7 Qxe7 10. Nxd5 exd5 11. Rc1 c6 12. Nf3 Be6 13. Be2 Rc8 14. 0-0 c5 15. dxc5 Rxc5 16. Qd2 Nd7 17. b4 Rxc1 18. Rxc1 Nf6 19. Ba6 Qd6 20. h3 Ne4 21. Qb2 Rd8 22. Nd4 Qe5 23. Qc2 Qg5 24. Kh2 Qh4 25. Nxe6 fxe6 26. g3 Qh5 27. Be2 Qf7 28. f3 Nd6 29. Qc7 Rd7 30. Qc3 Nc4 31. Kg2 b5 32. f4 Rc7 33. Qd4 Qe7 34. Qc3 Qd6 35. Bf3 Qb6 36. Kf2 Nxe3 37. Qxc7 Ng4+ 38. Ke1 Qf2+ 39. Kd1 Ne3# 0-1

[Event "Hessen-ch Seniors op 01st"]
[Site "Bad Sooden-Allendorf"]
[Date "2005.04.23"]
[Round "2"]
[White "Zoll, Theobald"]
[Black "Falkowski, Wilfried"]
[Result "1/2-1/2"]
[WhiteElo "1498"]
[BlackElo "1844"]
[PlyCount "85"]
[EventDate "2005.04.22"]
[EventType "swiss"]
[EventRounds "9"]
[EventCountry "GER"]
[SourceTitle "EXT 2007"]
[Source "ChessBase"]
[SourceDate "2006.11.23"]
[SourceVersion "1"]
[SourceVersionDate "2006.11.23"]
[SourceQuality "1"]

1. b3 e5 2. Bb2 d6 3. e3 Nf6 4. d3 g6 5. Be2 Bg7 6. c4 c5 7. Qc2 Nc6 8. a3 0-0 9. Nf3 Qe7 10. Nc3 Be6 11. 0-0 d5 12. cxd5 Nxd5 13. Ne4 b6 14. b4 f5 15. Ned2 Qd6 16. Nc4 Qc7 17. bxc5 bxc5 18. Rfc1 Rab8 19. Rab1 Rfc8 20. Ba1 Rxb1 21. Rxb1 Nb6 22. Nfd2 Nxc4 23. Nxc4 Na5 24. Bc3 Nxc4 25. dxc4 Rb8 26. Rxb8+ Qxb8 27. Qb2 Qxb2 28. Bxb2 e4 29. Bxg7 Kxg7 30. h4 Kf6 31. g3 Ke5 32. Kf1 h6 33. Ke1 g5 34. hxg5 hxg5 35. Kd2 f4 36. gxf4+ gxf4 37. Kc3 Bh3 38. Kb3 f3 39. Bd1 Bf1 40. Bc2 Be2 41. Kc3 Bf1 42. Kb3 Kf5 43. Kc3 1/2-1/2

[Event "Brandenburg-ch Seniors 12th"]
[Site "Lindow/Mark"]
[Date "2004.09.23"]
[Round "7"]
[White "Falkowski, Wilfried"]
[Black "Sube, Guenter"]
[Result "0-1"]
[WhiteElo "1832"]
[BlackElo "1787"]
[PlyCount "86"]
[EventDate "2004.09.18"]
[EventType "swiss"]
[EventRounds "9"]
[EventCountry "GER"]
[SourceTitle "EXT 2006"]
[Source "ChessBase"]
[SourceDate "2005.11.24"]
[SourceVersion "1"]
[SourceVersionDate "2005.11.24"]
[SourceQuality "1"]

1. Nf3 Nf6 2. b3 b6 3. Bb2 Bb7 4. e3 c5 5. c4 e6 6. Nc3 Be7 7. Be2 0-0 8. 0-0 d5 9. cxd5 Nxd5 10. Rc1 Bf6 11. d4 cxd4 12. Nxd4 Nxc3 13. Bxc3 Nd7 14. Bb4 Nc5 15. Bxc5 bxc5 16. Rxc5 Qd6 17. Rc1 Qe5 18. Bf3 Ba6 19. Bxa8 Rxa8 20. Re1 Bb7 21. Qe2 Qg5 22. f4 Qg6 23. Nf3 h5 24. Rc7 Be4 25. Rd1 h4 26. Rdc1 h3 27. g3 Bd3 28. Rc8+ Rxc8 29. Rxc8+ Kh7 30. Qd1 Qe4 31. Kf2 g6 32. Rc7 Kg7 33. Rd7 Bb5 34. Rxa7 Bc6 35. Ra5 Qb4 36. Ra6 Bxf3 37. Qxf3 Qd2+ 38. Qe2 Qc1 39. Kf3 Qh1+ 40. Kg4 Qg2 41. Qd1 Qxh2 42. Rd6 Bc3 43. Rd3 f5+ 0-1

[Event "Brandenburg-ch Seniors 12th"]
[Site "Lindow/Mark"]
[Date "2004.09.19"]
[Round "2"]
[White "Timm, Christian"]
[Black "Falkowski, Wilfried"]
[Result "0-1"]
[WhiteElo "1479"]
[BlackElo "1832"]
[PlyCount "132"]
[EventDate "2004.09.18"]
[EventType "swiss"]
[EventRounds "9"]
[EventCountry "GER"]
[SourceTitle "EXT 2006"]
[Source "ChessBase"]
[SourceDate "2005.11.24"]
[SourceVersion "1"]
[SourceVersionDate "2005.11.24"]
[SourceQuality "1"]

1. Nf3 Nf6 2. d4 d5 3. Bg5 e6 4. e3 Be7 5. Bd3 c5 6. dxc5 Bxc5 7. 0-0 0-0 8. c4 Be7 9. Nc3 dxc4 10. Bxc4 Qc7 11. Qe2 Nc6 12. Rfd1 a6 13. a3 b5 14. Ba2 Bb7 15. Rac1 Rfd8 16. Bf4 Qb6 17. Ne5 Nxe5 18. Bxe5 Rxd1+ 19. Rxd1 Rd8 20. Rxd8+ Qxd8 21. f3 Bc5 22. b4 Ba7 23. Kf1 Nd5 24. Nxd5 Bxd5 25. Bxd5 Qxd5 26. Bb2 Qb3 27. Qd2 h6 28. e4 Be3 29. Qc3 Qxc3 30. Bxc3 Bc1 31. Ke1 g6 32. Kd1 Bg5 33. Kc2 Kf8 34. Kb3 Ke7 35. a4 Kd6 36. a5 f5 37. Bd4 Bd2 38. exf5 gxf5 39. Bc5+ Kd5 40. Kc2 Bf4 41. h3 h5 42. Kd3 e5 43. Be7 e4+ 44. fxe4+ fxe4+ 45. Ke2 Kc4 46. g4 hxg4 47. hxg4 Bc1 48. g5 Kd5 49. Kd1 Bb2 50. Kd2 Ke6 51. Bc5 Kf5 52. Be3 Be5 53. Ke2 Bc3 54. Bc5 Kxg5 55. Ke3 Kf5 56. Bd6 Ke6 57. Bc5 Kd5 58. Be7 Bd4+ 59. Kd2 Kc4 60. Bd6 Bc3+ 61. Ke3 Bxb4 62. Bc7 Kd5 63. Bb6 Bc5+ 64. Bxc5 Kxc5 65. Kxe4 b4 66. Kd3 Kb5 0-1

[Event "Brandenburg-ch Seniors 11th"]
[Site "Lindow"]
[Date "2003.09.27"]
[Round "7"]
[White "Kurz, Rudolf"]
[Black "Falkowski, Wilfried"]
[Result "1/2-1/2"]
[WhiteElo "1765"]
[BlackElo "1820"]
[PlyCount "100"]
[EventDate "2003.09.??"]
[EventType "swiss"]
[EventRounds "7"]
[EventCountry "GER"]
[SourceTitle "EXT 2006"]
[Source "ChessBase"]
[SourceDate "2005.11.24"]
[SourceVersion "1"]
[SourceVersionDate "2005.11.24"]
[SourceQuality "1"]

1. e4 c5 2. Nf3 e6 3. d4 cxd4 4. Nxd4 a6 5. Bd3 Nf6 6. 0-0 Qc7 7. Nd2 Nc6 8. c3 Be7 9. N2f3 d6 10. h3 Bd7 11. Be3 0-0 12. Rc1 Rac8 13. Bb1 Rfd8 14. Nh4 Nxd4 15. cxd4 Qa5 16. f4 Rxc1 17. Bxc1 Bc6 18. Qe2 Bxe4 19. Bxe4 Nxe4 20. Qxe4 Bxh4 21. f5 Bf6 22. fxe6 fxe6 23. Qxe6+ Kh8 24. Be3 Qb6 25. Kh1 Bxd4 26. Qe7 Rg8 27. Bxd4 Qxd4 28. Qxb7 Qd3 29. Rc1 Qd2 30. Rc3 Qe1+ 31. Kh2 Qe5+ 32. g3 Qe2+ 33. Qg2 Qe5 34. Rc6 a5 35. Qd2 Rd8 36. Ra6 h6 37. Rxa5 d5 38. a4 Qe4 39. Qg2 Qc4 40. Rb5 d4 41. b3 Qc3 42. Rd5 Rxd5 43. Qxd5 Qd2+ 44. Qg2 Qe3 45. Qa8+ Kh7 46. Qd5 d3 47. Qf5+ Kg8 48. Qd5+ Kf8 49. Qd8+ Kf7 50. Qd7+ Kf8 1/2-1/2

[Event "Brandenburg-ch Seniors 11th"]
[Site "Lindow"]
[Date "2003.09.26"]
[Round "6"]
[White "Falkowski, Wilfried"]
[Black "Ewald, Horst"]
[Result "1-0"]
[WhiteElo "1820"]
[BlackElo "1638"]
[PlyCount "153"]
[EventDate "2003.09.??"]
[EventType "swiss"]
[EventRounds "7"]
[EventCountry "GER"]
[SourceTitle "EXT 2006"]
[Source "ChessBase"]
[SourceDate "2005.11.24"]
[SourceVersion "1"]
[SourceVersionDate "2005.11.24"]
[SourceQuality "1"]

1. c4 e6 2. Nf3 d5 3. g3 Be7 4. Bg2 Bf6 5. d4 Bd7 6. cxd5 exd5 7. Nc3 Bc6 8. 0-0 Nd7 9. Re1 Ne7 10. b3 0-0 11. Qd3 a6 12. Ba3 Re8 13. Rac1 Ng6 14. Na4 Bxa4 15. bxa4 Be7 16. Bb2 Bd6 17. Nd2 Nf6 18. e4 dxe4 19. Nxe4 Nxe4 20. Bxe4 c6 21. d5 cxd5 22. Qxd5 Bb4 23. Qxb7 Bxe1 24. Qxa8 Bxf2+ 25. Kh1 Qe7 26. Rc8 Rxc8 27. Qxc8+ Nf8 28. Qc2 Bc5 29. Qc4 Nd7 30. Qd5 Nb6 31. Qc6 Nd7 32. Bc3 Nf8 33. Kg2 Qa7 34. Qb7 Nd7 35. Qxa7 Bxa7 36. Bb4 Bc5 37. a3 Bb6 38. a5 Ba7 39. Bd3 Nc5 40. Bc4 g6 41. Kf3 Kg7 42. Kf4 Kf6 43. Bc3+ Ke7 44. Ke5 Nd7+ 45. Kd5 Nb8 46. Bb4+ Kd7 47. Bb3 Bg1 48. h3 Bf2 49. Ba4+ Kc8 50. g4 h5 51. gxh5 gxh5 52. Be8 Kb7 53. Bxf7 h4 54. Be8 Be3 55. Be7 Bf2 56. Ke4 Be1 57. Kf4 Bxa5 58. Bxh4 Nc6 59. Bxc6+ Kxc6 60. Kg4 Bc3 61. Be7 Kd7 62. Bf8 Ke8 63. Bd6 Kf7 64. h4 Kg6 65. h5+ Kg7 66. Bf4 Bb2 67. a4 Bc3 68. Kf5 Kh7 69. Ke6 Bb2 70. Kd6 Bc3 71. Kc6 Kg7 72. Kb6 a5 73. Kb5 Kf6 74. Bc7 Kg5 75. Bxa5 Bd4 76. Bb4 Kxh5 77. a5 1-0

[Event "Brandenburg-ch Seniors 11th"]
[Site "Lindow"]
[Date "2003.09.20"]
[Round "1"]
[White "Schmidt, Roland"]
[Black "Falkowski, Wilfried"]
[Result "1-0"]
[WhiteElo "1625"]
[BlackElo "1820"]
[PlyCount "116"]
[EventDate "2003.09.??"]
[EventType "swiss"]
[EventRounds "7"]
[EventCountry "GER"]
[SourceTitle "EXT 2006"]
[Source "ChessBase"]
[SourceDate "2005.11.24"]
[SourceVersion "1"]
[SourceVersionDate "2005.11.24"]
[SourceQuality "1"]

1. e4 e6 2. d4 d5 3. Nd2 dxe4 4. Nxe4 Be7 5. Nf3 Nf6 6. Bd3 Nbd7 7. 0-0 Nxe4 8. Bxe4 Nf6 9. Bd3 0-0 10. c3 b6 11. Qe2 Bb7 12. Ne5 Qd5 13. f3 c5 14. Bc4 Qd8 15. dxc5 Bxc5+ 16. Be3 Qc7 17. Bxc5 Qxc5+ 18. Kh1 Rfd8 19. Rfd1 Qc7 20. Nxf7 Kxf7 21. Qxe6+ Kf8 22. Bb3 Qe7 23. Qf5 Rxd1+ 24. Rxd1 Rd8 25. Rg1 Bd5 26. c4 Bf7 27. Qc2 Rc8 28. Rc1 Qc5 29. a4 Qe3 30. Qd1 Re8 31. h3 Qf2 32. Qd6+ Kg8 33. Rc2 Qe1+ 34. Kh2 Qe5+ 35. Qxe5 Rxe5 36. Rd2 Re8 37. Ba2 Kf8 38. b4 Rc8 39. Rc2 Nd7 40. f4 Nb8 41. Rd2 Na6 42. Bb1 g6 43. c5 Nxb4 44. cxb6 axb6 45. Rd4 Nc6 46. Re4 Bb3 47. Bd3 Bd5 48. Re1 Bb3 49. Re4 Re8 50. Rxe8+ Kxe8 51. Bb5 Kd7 52. g4 Kd6 53. f5 gxf5 54. gxf5 Nd4 55. Bd3 h6 56. Kg3 Ke5 57. Kh4 Bd1 58. Kg3 Nxf5+ 1-0

[Event "Bad Sooden-Allendorf Seniors op 15th"]
[Site "Bad Sooden-Allendorf"]
[Date "2003.05.05"]
[Round "7"]
[White "Klose, Hans Peter"]
[Black "Falkowski, Wilfried"]
[Result "0-1"]
[WhiteElo "1536"]
[BlackElo "1856"]
[PlyCount "71"]
[EventDate "2003.05.??"]
[EventType "swiss"]
[EventRounds "9"]
[EventCountry "GER"]
[SourceTitle "EXT 2006"]
[Source "ChessBase"]
[SourceDate "2005.11.24"]
[SourceVersion "1"]
[SourceVersionDate "2005.11.24"]
[SourceQuality "1"]

1. d4 d6 2. c4 Nf6 3. Nf3 Bg4 4. Nc3 Nbd7 5. h3 Bh5 6. e3 e5 7. Be2 c6 8. 0-0 e4 9. Nh2 Bxe2 10. Qxe2 d5 11. Ng4 Nxg4 12. Qxg4 Nf6 13. Qe2 Bb4 14. a3 Bxc3 15. bxc3 Qc7 16. cxd5 cxd5 17. Qb5+ Qd7 18. Qxd7+ Kxd7 19. Ra2 Rac8 20. Rc2 Rc4 21. Bb2 Ke6 22. f3 g6 23. Rcf2 Rf8 24. g4 exf3 25. Rxf3 Ne4 26. Rc1 f6 27. Rc2 Rfc8 28. Kf1 Nxc3 29. e4 Nxe4 30. Re2 f5 31. gxf5+ gxf5 32. Rg3 Rc2 33. Rge3 f4 34. Rxe4+ dxe4 35. Rxe4+ Kd6 36. d5 0-1

[Event "Bad Sooden-Allendorf Seniors op 15th"]
[Site "Bad Sooden-Allendorf"]
[Date "2003.04.29"]
[Round "1"]
[White "De Mol, Ferdinand"]
[Black "Falkowski, Wilfried"]
[Result "0-1"]
[WhiteElo "1496"]
[BlackElo "1856"]
[PlyCount "67"]
[EventDate "2003.05.??"]
[EventType "swiss"]
[EventRounds "9"]
[EventCountry "GER"]
[SourceTitle "EXT 2006"]
[Source "ChessBase"]
[SourceDate "2005.11.24"]
[SourceVersion "1"]
[SourceVersionDate "2005.11.24"]
[SourceQuality "1"]

1. e4 c5 2. Bc4 e6 3. Nc3 a6 4. a4 Be7 5. Nf3 d6 6. d3 Nf6 7. Bd2 Nc6 8. Ne2 d5 9. Ba2 dxe4 10. dxe4 Nxe4 11. Be3 Qxd1+ 12. Rxd1 Bd7 13. c3 b5 14. Bb1 Nf6 15. Bc2 0-0 16. Bg5 Rfd8 17. Bxf6 Bxf6 18. Be4 Be8 19. Rxd8 Rxd8 20. axb5 axb5 21. 0-0 Ne5 22. Nxe5 Bxe5 23. Ra1 f5 24. Bf3 g5 25. g4 Rd3 26. Kg2 fxg4 27. Bxg4 Bc6+ 28. f3 Kf7 29. Ra7+ Rd7 30. Rxd7+ Bxd7 31. Ng3 c4 32. Ne4 Bf4 33. b4 cxb3 34. Bxe6+ 0-1

[Event "Brandenburg-ch Seniors 10th"]
[Site "Lindow"]
[Date "2002.09.18"]
[Round "4"]
[White "Falkowski, Wilfried"]
[Black "Bamme, Erich"]
[Result "1-0"]
[WhiteElo "1861"]
[BlackElo "1683"]
[PlyCount "45"]
[EventDate "2002.09.??"]
[EventType "swiss"]
[EventRounds "7"]
[EventCountry "GER"]
[SourceTitle "EXT 2006"]
[Source "ChessBase"]
[SourceDate "2005.11.24"]
[SourceVersion "1"]
[SourceVersionDate "2005.11.24"]
[SourceQuality "1"]

1. e4 e5 2. Nf3 d6 3. d4 exd4 4. Nxd4 Bd7 5. Nc3 Nc6 6. Bb5 Ne5 7. Bxd7+ Qxd7 8. 0-0 Nc6 9. Nd5 Nxd4 10. Qxd4 c6 11. Nc3 f6 12. Bf4 b6 13. Rfd1 0-0-0 14. Qc4 Kb7 15. a4 h5 16. b4 g5 17. Be3 Ne7 18. b5 Nc8 19. a5 Qc7 20. axb6 Nxb6 21. bxc6+ Kb8 22. Bxb6 axb6 23. Nd5 1-0